| 000 | 00342nam a2200121Ia 4500 | ||
|---|---|---|---|
| 005 | 20251222152039.0 | ||
| 008 | 251222s9999||||xx |||||||||||||| ||spa|| | ||
| 082 | _a330/P98 | ||
| 245 | 0 | _aPatters Of Living Related To Income in Disavantaged Familes | |
| 250 | _a1ra.ed. | ||
| 264 | _bNorth Central Regional Research Publication | ||
| 942 | _cLIB | ||
| 999 |
_c25978 _d25978 |
||